00536nam a2200181Ia 4500008004100000020001500041082001400056100002400070245002500094250000600119260002900125300001700154500002400171650001500195942000700210952012000217999001700337230524s9999 xx 000 0 und d a8131704963 a1.42bKUM aRanjit Kumar940622 0aResearch Methodology a2 aNew DelhibPearsonc2006 a"Xvii,327p;" aQuantity Number: 1 aManagement cBK 00104070aTATCLbTATCLcGENd2023-05-24l1o001.42 KUMp52295q2018-05-09r2024-02-02s2024-02-02w2023-05-24yBK c54970d54970